Library of the University of Algiers 3
Ibrahim Sultan Cheibout
شعار جامعة الجزائر 3
مكتبة جامعة الجزائر 3
إبراهيم سلطان شيبوط

الأساليب الكمية : (رقم التسجيلة. 45587)

تفاصيل مارك
000 -LEADER
fixed length control field 01142nam a2200217Ia 4500
003 - CONTROL NUMBER IDENTIFIER
control field Ost
005 - DATE AND TIME OF LATEST TRANSACTION
control field 20260507075650.0
008 - FIXED-LENGTH DATA ELEMENTS--GENERAL INFORMATION
fixed length control field 260507s9999||||xx |||||||||||||| ||und||
020 ## - INTERNATIONAL STANDARD BOOK NUMBER
International Standard Book Number 1145029957
040 ## - CATALOGING SOURCE
Transcribing agency fsecg
041 ## - LANGUAGE CODE
Language code of text/sound track or separate title ara
082 ## - DEWEY DECIMAL CLASSIFICATION NUMBER
Classification number 658.401
100 ## - MAIN ENTRY--PERSONAL NAME
Personal name الفضل، مؤيد عبد الحسين
Relator term مؤلف
245 #0 - TITLE STATEMENT
Title الأساليب الكمية :
Remainder of title نماذج خطية في تخطيط الإنتاج /
Statement of responsibility, etc. مؤيد عبد الحسين الفضل
260 ## - PUBLICATION, DISTRIBUTION, ETC.
Place of publication, distribution, etc. عمان:
Name of publisher, distributor, etc. دار مجدلاوي للنشر والتوزيع,
Date of publication, distribution, etc. 2004
300 ## - PHYSICAL DESCRIPTION
Extent 405 صفحة؛
Other physical details إيضاحات ؛
Dimensions 25 سم
520 ## - SUMMARY, ETC.
Summary, etc. مفاهيم نظرية في تخطيط الإنتاج والبرمجة الخطية- معالجة مشاكل تخطيط الإنتاج باستخدام الطريقة البيانية- أسلوب السمبلكس وتطبيقاته العملية- الحالات المختلفة للبرمجة الخطية- تحليل حساسية النموذج الرياضي- نماذج النقل- نموذج التخصيص.
653 ## - INDEX TERM--UNCONTROLLED
Uncontrolled term الإحصاء الإقتصادي
653 ## - INDEX TERM--UNCONTROLLED
Uncontrolled term الإنتاج
942 ## - ADDED ENTRY ELEMENTS (KOHA)
Koha item type كتب

لا توجد مواد متاحة.

موارد الويب المفتوحة


© University of Algiers 3 All Rights Reserved
|
Implemented by LECHELAH Riad